[Event "Challenge"]
[Site "http://www.queenalice.com/game.php?id=71742"]
[Date "2006.5.26"]
[Round "-"]
[White "walker"]
[Black "Guillaume"]
[Result "0-1"]
[WhiteElo "1530"]
[BlackElo "1345"]

1. e3 e5 2. g3 f6 3. Bg2 d5 4. d3 c5 5. e4 d4 6. Nf3 Bg4 7. c3 Bxf3 8. Qxf3 dxc3
9. Nxc3 Qa5 10. Bd2 Qb6 11. b3 Na6 12. Nd5 Qc6 13. O-O b5 14. Rac1 b4 15. Qh5+
g6 16. Qg4 f5 17. exf5 gxf5 18. Qh5+ Kd8 19. Bg5+ Kd7 20. Nf6+ Nxf6 21. Bxc6+
Kxc6 22. Bxf6 Rg8 23. Bxe5 Rd8 24. Qxf5 Rxd3 25. Qe6+ Bd6 26. Qxg8 Bxe5 27. Qe6+
Bd6 28. Qe4+ Rd5 29. Rfd1 Nc7 30. Qxb4 h5 0-1

[Event "Challenge"]
[Site "http://www.queenalice.com/game.php?id=71755"]
[Date "2006.5.26"]
[Round "-"]
[White "walker"]
[Black "cd_dasilva"]
[Result "1-0"]
[WhiteElo "1663"]
[BlackElo "1727"]

1. e4 e5 2. g3 Nf6 3. d3 c6 4. Bg2 d5 5. exd5 cxd5 6. Nf3 Bd6 7. O-O O-O 8. a3
Bg4 9. Nc3 e4 10. dxe4 dxe4 11. Nxe4 Nxe4 12. h3 Bxf3 13. Bxf3 Re8 14. Bxe4 Rxe4
15. Qd5 Re7 16. Bg5 h6 17. Bxe7 Qxe7 18. Rad1 Bc5 19. b4 Bb6 20. Rfe1 Qd7 21.
Qxd7 Nxd7 22. Rxd7 Rb8 23. c4 1-0

[Event "Challenge"]
[Site "http://www.queenalice.com/game.php?id=71757"]
[Date "2006.5.26"]
[Round "-"]
[White "walker"]
[Black "Railton"]
[Result "1-0"]
[WhiteElo "1500"]
[BlackElo "1552"]

1. e3 e5 2. g3 d6 3. Bg2 Nf6 4. Nf3 Bg4 5. O-O Bxf3 6. Bxf3 c6 7. d3 d5 8. e4 d4
9. a3 Be7 10. c3 Bc5 11. c4 b5 12. b4 Be7 13. c5 h6 14. a4 bxa4 15. Rxa4 a6 16.
Nd2 O-O 17. Nc4 Nbd7 18. Bd2 Ne8 19. Bg4 Nef6 20. Bxd7 Nxd7 21. Qa1 Qc8 22. f4
exf4 23. Bxf4 f6 24. Qa2 Qe8 25. Nd6+ Kh7 26. Nxe8 Rfxe8 27. Rxa6 Rxa6 28. Qxa6
g5 29. Bd2 Ne5 30. g4 Bf8 31. h3 1-0

[Event "Challenge"]
[Site "http://www.queenalice.com/game.php?id=71758"]
[Date "2006.5.26"]
[Round "-"]
[White "walker"]
[Black "raul06"]
[Result "1-0"]
[WhiteElo "1632"]
[BlackElo "1474"]

1. e4 e5 2. g3 d6 3. Bg2 Nf6 4. a3 Nc6 5. c3 Be6 6. d3 d5 7. Nd2 a6 8. exd5 Bxd5
9. Bxd5 Qxd5 10. f3 O-O-O 11. c4 1-0

[Event "Challenge"]
[Site "http://www.queenalice.com/game.php?id=71764"]
[Date "2006.5.26"]
[Round "-"]
[White "walker"]
[Black "Kouvitch"]
[Result "1-0"]
[WhiteElo "1726"]
[BlackElo "1814"]

1. d3 d5 2. g3 Nf6 3. Bg2 e5 4. e3 Bf5 5. c4 c6 6. cxd5 cxd5 7. Nf3 Nc6 8. O-O
Bd6 9. Re1 O-O 10. d4 e4 11. Nfd2 1-0

[Event "Challenge"]
[Site "http://www.queenalice.com/game.php?id=71956"]
[Date "2006.5.26"]
[Round "-"]
[White "guarise"]
[Black "walker"]
[Result "1-0"]
[WhiteElo "1512"]
[BlackElo "1662"]

1. d4 g6 2. Nf3 Bg7 3. e3 Nf6 4. Nc3 O-O 5. e4 d6 6. Bg5 a6 7. Qd2 h6 8. Bxf6
Bxf6 9. Qxh6 e6 10. h4 Bg7 11. Qe3 Re8 12. h5 gxh5 13. Rxh5 Qf6 14. Bd3 d5 15.
O-O-O dxe4 16. Nxe4 Qg6 17. Rdh1 f5 18. Rg5 Qf7 19. Ne5 Qe7 20. Ng3 Nd7 21. Nh5
Kf8 22. Ng6+ 1-0

[Event "Challenge"]
[Site "http://www.queenalice.com/game.php?id=72216"]
[Date "2006.5.27"]
[Round "-"]
[White "federal"]
[Black "walker"]
[Result "1-0"]
[WhiteElo "1381"]
[BlackElo "1740"]

1. e4 g6 2. h4 e5 3. c3 Bg7 4. Bc4 Nf6 5. Nf3 O-O 6. O-O Nxe4 7. d3 Nd6 8. Nbd2
Nc6 9. Re1 Nxc4 10. dxc4 d5 11. b3 dxc4 12. Ne4 cxb3 13. axb3 Bg4 14. Bg5 Qxd1
15. Rexd1 a5 16. Rd7 Bxd7 17. Rd1 Bg4 18. Rd7 Bxd7 19. Nc5 Bg4 20. Nd2 f6 21.
Be3 b6 22. Nd3 Rad8 23. Nb2 1-0

[Event "Challenge"]
[Site "http://www.queenalice.com/game.php?id=73035"]
[Date "2006.5.30"]
[Round "-"]
[White "walker"]
[Black "Pato"]
[Result "0-1"]
[WhiteElo "1558"]
[BlackElo "2004"]

1. g3 f5 2. Bg2 Nf6 3. e3 e6 4. d4 d6 5. Nf3 Be7 6. O-O O-O 7. a3 Qe8 8. Nc3 c6
9. b4 Nbd7 10. Bb2 Nb6 11. Nd2 Bd7 12. Nf3 Nc4 13. Bc1 Rd8 14. Re1 Ne4 15. Nd2
Nxc3 16. Qf3 Nxd2 17. Bxd2 Ne4 18. Qd1 Nxd2 19. Qxd2 e5 20. e4 f4 21. gxf4 Rxf4
22. dxe5 dxe5 23. c4 Bh3 24. Qe3 Bxg2 25. Kxg2 Bh4 26. Ra2 Qg6+ 27. Kh1 Rdf8 28.
Rf1 Qxe4+ 29. Qxe4 Rxe4 30. c5 Ref4 31. Re2 Rxf2 32. Rexf2 Rxf2 33. Rxf2 Bxf2
34. Kg2 Bd4 35. h4 Bb2 36. a4 Ba3 37. b5 Bxc5 38. bxc6 bxc6 39. a5 Kf7 40. a6 h5
41. Kh3 Kf6 42. Kg3 Kf5 43. Kh3 e4 44. Kg2 Kg4 45. Kh2 e3 46. Kg2 e2 47. Kh2
e1=Q 48. Kg2 Qg1# 0-1

[Event "Challenge"]
[Site "http://www.queenalice.com/game.php?id=74447"]
[Date "2006.6.5"]
[Round "-"]
[White "lobo"]
[Black "walker"]
[Result "1-0"]
[WhiteElo "1575"]
[BlackElo "1601"]

1. c4 d6 2. Nc3 g6 3. d4 Bg7 4. Nf3 h6 5. e4 e6 6. Bd3 Nf6 7. e5 dxe5 8. dxe5
Nfd7 9. O-O Bxe5 10. Qe2 Bxc3 11. bxc3 Qf6 12. Bb2 Nc5 13. Bc2 Nbd7 14. Rad1 b6
15. Nd4 Bb7 16. f3 O-O-O 17. a4 a6 18. Ba3 h5 19. Qf2 e5 20. Ne2 h4 21. h3 Qe6
22. a5 Qxc4 23. axb6 cxb6 24. Rd6 Qa2 25. Bxc5 1-0

[Event "Challenge"]
[Site "http://www.queenalice.com/game.php?id=74650"]
[Date "2006.6.6"]
[Round "-"]
[White "walker"]
[Black "Dinho"]
[Result "0-1"]
[WhiteElo "1550"]
[BlackElo "1652"]

1. g3 e5 2. Bg2 d5 3. d3 f5 4. f4 Nc6 5. fxe5 Nxe5 6. a3 c6 7. Nc3 Bd6 8. Nxd5
cxd5 9. Bxd5 Ne7 10. Bg5 Qa5+ 11. c3 Qxd5 12. e4 Nxd3+ 13. Kf1 Qxe4 14. Bxe7
Bxe7 15. Qh5+ g6 16. Qf3 b6 17. Qxe4 fxe4 18. b4 Bf6 19. Rd1 Bxc3 20. Nf3 O-O
21. Ke2 Bg4 22. Rxd3 exd3+ 23. Kxd3 Rxf3+ 24. Kc2 Rc8 25. Rc1 Bxb4+ 26. Kb2 Rxc1
27. axb4 Rh1 28. b5 Rxh2+ 29. Kc1 Rf1# 0-1

[Event "Challenge"]
[Site "http://www.queenalice.com/game.php?id=74651"]
[Date "2006.6.6"]
[Round "-"]
[White "walker"]
[Black "REUSKING"]
[Result "0-1"]
[WhiteElo "1458"]
[BlackElo "1820"]

1. e4 e5 2. g3 Nf6 3. d3 Be7 4. Bg2 Nc6 5. a3 d6 6. Nf3 O-O 7. Nc3 Bg4 8. h3
Bxf3 9. Bxf3 Nd4 10. Be3 Nxf3+ 11. Qxf3 Qd7 12. g4 Qc6 13. O-O-O Nd7 14. Nd5
Rae8 15. Qg3 Nb6 16. Bxb6 axb6 17. Nxe7+ Rxe7 18. Qh4 Re6 19. f3 d5 20. exd5
Qxd5 21. Rhf1 Rf6 22. Qg3 Rc6 23. c4 Qd4 24. Rfe1 f6 25. Re4 Qd6 26. f4 exf4 27.
Rxf4 b5 28. b3 Qxa3+ 29. Kc2 Re8 30. Re1 Qa2+ 31. Kc3 b4+ 32. Kxb4 Qd2+ 33. Kb5
Qxe1 34. Qxe1 Rxe1 35. Rd4 Re5+ 36. Kb4 Rd6 37. Rf4 Rxd3 38. g5 Rxg5 39. c5 Rxh3
40. c6 b6 41. Rd4 Rgg3 42. Rd7 Rxb3+ 43. Kc4 Rhc3+ 44. Kd4 Rxc6 45. Kd5 Rd6+ 46.
Rxd6 cxd6 0-1

[Event "Challenge"]
[Site "http://www.queenalice.com/game.php?id=74653"]
[Date "2006.6.6"]
[Round "-"]
[White "walker"]
[Black "winner"]
[Result "1-0"]
[WhiteElo "1558"]
[BlackElo "1562"]

1. g3 e5 2. e3 d6 3. Bg2 Nf6 4. Nc3 c6 5. e4 d5 6. exd5 Nxd5 7. Bxd5 cxd5 8. d4
e4 9. f3 Nc6 10. Be3 Bb4 11. a3 Bxc3+ 12. bxc3 O-O 13. fxe4 dxe4 14. Ne2 Bg4 15.
Qb1 b6 16. h3 Bxe2 17. Kxe2 Ne7 18. Rf1 Qd7 19. Qb4 Nc6 20. Qc4 Rac8 21. d5 Ne7
22. Qxe4 Qxd5 23. Qxe7 Rxc3 24. Rac1 Qg2+ 25. Rf2 Qxg3 26. Kd2 Rfc8 27. Qxf7+
Kh8 28. Qf8+ 1-0

[Event "Challenge"]
[Site "http://www.queenalice.com/game.php?id=74962"]
[Date "2006.6.7"]
[Round "-"]
[White "stoyan1"]
[Black "walker"]
[Result "1-0"]
[WhiteElo "1712"]
[BlackElo "1889"]

1. e4 g6 2. d4 d5 3. e5 e6 4. Nf3 Nc6 5. h4 Bd7 6. h5 gxh5 7. Rxh5 Qe7 8. Bd3
O-O-O 9. Bxh7 f5 10. Bg5 Qf7 11. Bg6 Rxh5 12. Bxf7 Rh1+ 13. Ke2 Rxd1 14. Bxd8
Rg1 15. Nxg1 Nh6 16. Bxe6 1-0

[Event "Challenge"]
[Site "http://www.queenalice.com/game.php?id=74963"]
[Date "2006.6.7"]
[Round "-"]
[White "walker"]
[Black "stoyan1"]
[Result "0-1"]
[WhiteElo "1745"]
[BlackElo "1735"]

1. g3 e5 2. Bg2 d5 3. d4 e4 4. e3 h5 5. f3 f5 6. f4 Nf6 7. Nc3 c6 8. a3 Be6 9.
Nh3 Bf7 10. Ng5 Qe7 11. Bh3 Bg6 12. Bg2 Nh7 13. Nxh7 Rxh7 14. Bd2 Bf7 15. Bf1 g6
16. Qe2 Be6 17. Na4 Nd7 0-1

[Event "Challenge"]
[Site "http://www.queenalice.com/game.php?id=84972"]
[Date "2006.7.12"]
[Round "-"]
[White "walker"]
[Black "Mayaune"]
[Result "0-1"]
[WhiteElo "1456"]
[BlackElo "1638"]

1. e4 e5 2. d4 exd4 3. Qxd4 Nc6 4. Qd1 Bc5 5. Bc4 Qf6 6. Nf3 Ne5 7. O-O Nxf3+ 8.
Qxf3 Qxf3 9. gxf3 d6 10. a3 Bh3 11. Re1 Bd4 12. c3 Bc5 13. e5 O-O-O 14. Bxf7 Nh6
15. Bxh6 gxh6 16. exd6 Bxd6 17. c4 Rd7 18. Bd5 Rg7+ 19. Kh1 Bg2+ 20. Kg1 Bxf3+
21. Kf1 Kd8 22. Bxf3 Rhg8 23. Bxb7 Rg1+ 24. Ke2 Re8+ 25. Kd2 Rgxe1 26. Kc3 Be5+
27. Kb3 Re6 28. Bd5 Rb6+ 0-1

[Event "Challenge"]
[Site "http://www.queenalice.com/game.php?id=86148"]
[Date "2006.7.15"]
[Round "-"]
[White "diegmr"]
[Black "walker"]
[Result "1-0"]
[WhiteElo "1833"]
[BlackElo "1459"]

1. d4 e6 2. c4 Nf6 3. Bg5 h6 4. Bxf6 Qxf6 5. e3 Bb4+ 6. Nc3 Bxc3+ 7. bxc3 e5 8.
Nf3 exd4 9. cxd4 d6 10. Be2 O-O 11. O-O Re8 12. Qa4 Bd7 13. Qc2 Bf5 14. Bd3 Bxd3
15. Qxd3 Nc6 16. Rab1 b6 17. Nd2 Na5 18. Nb3 Nxb3 19. axb3 Re7 20. h3 c5 21.
dxc5 1-0

[Event "Challenge"]
[Site "http://www.queenalice.com/game.php?id=86154"]
[Date "2006.7.15"]
[Round "-"]
[White "walker"]
[Black "shogun"]
[Result "0-1"]
[WhiteElo "1459"]
[BlackElo "2346"]

1. e4 Nc6 2. d4 d5 3. e5 Bf5 4. h3 e6 5. Nf3 f6 6. Bb5 Ne7 7. exf6 gxf6 8. a4 a6
9. Bxc6+ Nxc6 10. Nc3 Nb4 11. O-O Nxc2 12. Ra2 Nb4 13. Ra1 Qd7 14. Be3 Rg8 15.
Nh4 Bxh3 16. Qh5+ Qf7 17. Qf3 Bg4 18. Qf4 Nd3 19. Qh2 e5 20. f3 Be6 21. Rad1
Nxb2 22. Rb1 Nc4 23. Rxb7 Nxe3 24. Rfb1 Bd6 25. Qh1 exd4 26. Rb8+ Rxb8 27. Rxb8+
Ke7 28. Rxg8 dxc3 29. Rb8 c2 0-1

[Event "Challenge"]
[Site "http://www.queenalice.com/game.php?id=86157"]
[Date "2006.7.15"]
[Round "-"]
[White "walker"]
[Black "rosie1940"]
[Result "0-1"]
[WhiteElo "1592"]
[BlackElo "1692"]

1. e4 e5 2. d3 Nc6 3. a3 Bc5 4. Nc3 Qf6 5. Nf3 Nd4 6. Nxd4 Bxd4 7. f3 Bxc3+ 8.
bxc3 d5 9. c4 dxc4 10. dxc4 Bd7 11. Be2 Qb6 12. f4 exf4 13. Bxf4 O-O-O 14. Bd2
Nf6 15. Be3 Qxe3 16. Rb1 Bg4 17. Qxd8+ Rxd8 0-1

[Event "Challenge"]
[Site "http://www.queenalice.com/game.php?id=86159"]
[Date "2006.7.15"]
[Round "-"]
[White "rosie1940"]
[Black "walker"]
[Result "1-0"]
[WhiteElo "1704"]
[BlackElo "1569"]

1. e4 e5 2. f4 exf4 3. Nf3 d5 4. exd5 Qxd5 5. Nc3 Qe6+ 6. Kf2 Bc5+ 7. d4 Bb4 8.
Bb5+ c6 9. Re1 Qxe1+ 10. Qxe1+ Ne7 11. Bd3 Bxc3 12. bxc3 Be6 13. Bxf4 O-O 14. c4
Re8 15. Ng5 Bd7 16. Bxh7+ Kf8 17. Bd3 Nf5 18. Qd2 Nxd4 19. Bd6+ Kg8 20. Bh7+ Kh8
21. Qxd4 1-0

[Event "Challenge"]
[Site "http://www.queenalice.com/game.php?id=90257"]
[Date "2006.7.28"]
[Round "-"]
[White "walker"]
[Black "josecastroman"]
[Result "0-1"]
[WhiteElo "1466"]
[BlackElo "1795"]

1. a3 e5 2. e4 Nc6 3. Nc3 Bc5 4. Nd5 Nf6 5. Bc4 Nxe4 6. d3 Nxf2 7. Kf1 Nxd1 8.
Ke2 Nf2 9. Nf3 d6 10. b4 Nxh1 0-1